Football Culture Ligue 1 - Statistiques

Statistiques générales
  • Ce quiz a été pris 38 fois
  • Le résultat moyen est 13 sur 21
Statistiques - réponses
Hint Réponse % Correct
Combien de titres a remporté l'AS Saint Etienne ? 10
90%
Quel joueur représente le plus gros transfert de Monaco ? (départ) Kylian Mbappé
87%
Dans quel club jouait Ezequiel Lavezzi avant son transfert au PSG ? Naples
84%
Dans quel club Dimitri Payet a été formé ? Nantes
81%
Quel attaquant international Français est passé par Lorient, le PSG et Strasbourg ? Kévin Gameiro
77%
Qui est devenu coach du PSG en remplacement d'Antoine Kombouaré à l'arrivée de QSI ? Carlo Ancelotti
74%
Quel joueur a quitté Bordeaux pour le Barça contre 40 millions d'euros ? Malcom
71%
Quelle est la nationalité sportive de Krepin Diatta ? Sénégal
71%
Dans quel club Serhou Guirassy, Ganso et Regis Gurtner ont joué ensemble ? Amiens
68%
Ou jouait Nicolas Pepe avant son transfert au LOSC ? Angers
68%
Qui a terminé Champion de France 1995-1996 ? Auxerre
68%
Qui était le coach de Monaco lors de leur titre en 2017 ? Léonardo Jardim
65%
Qui a terminé meilleur buteur de Ligue 1 en 2025-2025 ? Esteban Lepaul
61%
De quel Club l'attaquant Julio Tavares est t'il un emblème ? Dijon
55%
Qui était le coach de Montpellier lors de leur titre en 2012 ? René Girard
55%
Qui était le meilleur buteur du LOSC lors de la saison de leur dernier titre ? Burak Yilmaz
45%
Quel joueur représente le plus gros transfert de Rennes ? (départ) Jeremy Doku
42%
Quel est la nationalité sportive de Loic Négo ? Hongrois
39%
Quel duo d'attaquant de l'OM ont été moqués pour le faible niveau de jeu lors de la saison 2017-2018 Germain et Mitroglou
29%
Quel légende récente des Verts était arrivé en provenance du SM Caen ? Romain Hamouma
26%
Quel pays l'ancien défenseur de l'OM Lucas Mendes a choisi de représenter ? Qatar
13%
Aucun quiz correspondant
Distribution des résultats
% des personnes avec chaque résultat
Percentile par nombre de réponses
Votre historique - résultats
Vous n’avez pas pris ce quiz